| 000 | 01378cam6a220031301 4500 | ||
|---|---|---|---|
| 001 | qce00835426 | ||
| 005 | 20190830111542.0 | ||
| 008 | 730314s1950 ja ac 000 0 eng | ||
| 010 | _a 60019304 | ||
| 035 | _a(Sirsi) r70316 | ||
| 035 | _a(QCAT)lss00399527 | ||
| 035 | _a(UPRA)qce00835426 | ||
| 040 | _dUPRA | ||
| 043 | _aa-ja--- | ||
| 050 | 0 |
_aDS821 _b.Y27 1950 |
|
| 082 | _a915.2 | ||
| 100 | 1 |
_aYamaguchi, Shozo, 1882-1944. _dYamaguchi, Shozo, 1882-1944. _6A31369.1 |
|
| 245 | 1 | 0 |
_aWe Japanese : _bbeing descriptions of many of the customs, manners, ceremonies, festivals, arts and crafts of the Japanese, besides numerous other subjects. |
| 250 | _a[Combined ed.]. | ||
| 260 |
_aMiyanoshita, Japan : _bFujiya Hotel, _c[1950] |
||
| 500 | _aBooks 1 and 2 were written for H. S. K. Yamaguchi, managing director, Fujiya Hotel, by Frederic de Garis and Atsuharu Sakai, respectively. Book 3 was written for K. M. Yamaguchi, president, Fujiya Hotel, by Atsuharu Sakai. | ||
| 651 | 0 |
_aJapan -- Social life and customs. _xJapan -- Social life and customs. _6S6028.1 |
|
| 700 | 1 |
_aYamaguchi, Kenkichi, 1885- _dYamaguchi, Kenkichi, 1885- _6A31370.1 |
|
| 700 | 1 |
_aDe Garis, Frederic. _6A31371.1 |
|
| 700 | 1 |
_aSakai, Atsuharu. _6A31372.1 |
|
| 710 | 2 |
_aFujiya Hoteru, Miyanoshita, Japan. _6A31373.1 |
|
| 949 |
_aDS821 _wlcc _i-95108 _mMAIN _tBOOK _lON-SHELF |
||
| 004 | 70316 | ||
| 999 |
_c190144 _d190144 |
||